000 00280nam a22001097a 4500
082 _a620.82 SAN'H
100 _aMCCORMICK, E. J ,SANDERS, M. S
_962333
245 _aHUMAN FACTIRS IN ENGINEERING AND DESIGN
260 _aNEWYOORK
_bMCGRAW HILL
_c1987
300 _a664P
942 _cBK
999 _c571469
_d571469